000 01543nam0a2200409 4500
001 RU\NLR\bibl\511510
005 20251127115009.0
010 _a5-88721-259-4
_92060
021 _aRU
_b2004-13379
_9686
035 _a(NLR Aleph) 000504003
090 _a1191338
_c1191338
100 _a20040414d2004 u y0rusy50 ca
101 0 _arus
_ager
102 _aRU
105 _ay |||||||||
200 1 _aБольшой немецко-русский экономический словарь
_dDas grosse deutsch-russische Wirtschaftswörterbuch
_eОк. 50000 терминов
_fПод ред. Ю. И. Куколева
_zger
205 _a[2-е изд., стер.]
210 _aМ.
_cРУССО
_d2004
215 _a916, [1] с.
_d24
510 0 _aDas grosse deutsch-russische Wirtschaftswörterbuch
_zger
606 0 _aНемецкий язык
_xТерминология экономическая
_xСловари
_xРусский язык
_91748761
_3RU\NLR\auth\66783210
606 0 _aЭкономика
_jСловари
_91414491
_3RU\NLR\auth\66284709
610 0 _aЭкономика - Немецко-русские словари
675 _a33(038)-112.2-161.1
_v3
_zrus
686 _a06
_2rugasnti
686 _a65я2
_2rubbk
686 _aШ143.24-434.1
686 _aШ141.12-434.2
686 _aУ.я21
702 1 _aКуколев
_bЮ. И.
_4340
801 0 _aRU
_bRKP
_c20020711
_gPSBO
801 1 _aRU
_bRKP
_c20020711
801 2 _aRU
_bNLR
_c20040518
_grcr
942 _cBOOK
980 _aNB